00428nam a2200193Ia 4500008004100000020001800041050001600059100001400075245002200089245001700111260000900128260001600137260000900153300001500162300002000177300001000197300001900207500000800226170918s9999 xx 000 0 und d a9781407108490 bB317go 2009 aBass, Guy aMonster trouble / cby Guy Bass. aUK : bScholastic, c2009 a79 pages : billustrations ; c19cm. eGormy Ruckles. a710